Normal view
MARC view
Entry Personal Name
001 - CONTROL NUMBER
- control field: 40391
003 - CONTROL NUMBER IDENTIFIER
- control field: ARRUPE
005 - DATE AND TIME OF LATEST TRANSACTION
- control field: 20180308144015.0
008 - FIXED-LENGTH DATA ELEMENTS
- fixed length control field: 180308|| aca||aabn | a|a d
040 ## - CATALOGING SOURCE
- Original cataloging agency: ARRUPE
- Transcribing agency: ARRUPE
100 ## - HEADING--PERSONAL NAME
- Personal name: A.S Chigwedere
670 ## - SOURCE DATA FOUND
- Source citation: Work cat.: (ARRUPE)8128: Chigwedere, A.S 40390, The Karanga empire /, 1985